=LDR 00000nam 2200000 4500 =001 INLIS000000000016451 =005 20130612111739 =008 ***********************************Ind** =035 ##$$0010-061300000016451 =041 ##$$a Ind =082 ##$$a 631.404 =090 ##$$a 631.404, fRI I =100 ##$$a Frick, Heinz =245 ##$$a Ilmu dan alat ukur tanah, Ir. Heinz Frick =260 ##$$a 1996 $b Yogyakarta =300 ##$$a 186 hlm, ilus, 21 cm =650 ##$$a Tanah, Ilmu alat Ukur =850 ##$$a NBPNMAT